000 01013nas a2200277Ia 4500
001 R061/B8451
003 IT-RoPAU
008 151124c99999999xx |||||||||||| ||und||
040 _aIT-RoPAU
040 _cIT-RoPAU
041 _aFRANCESE
100 _aCassagne Jean-Pierre
_gCodice Aut. SPICS: 26906
210 _aCINEMACTION
222 _aCinemaction
245 _aCINEMACTION, N.063 (1992) - LES THEORIES DE LA COMMUNICATION
_bApproche De la Psychologie Sociale (L')
250 _a1a ed.
260 _aCONDE' SUR NOIREAU (FRANCE)
_bCORLET
_c1992
501 _bPaulus - SPICS - Società San Paolo EM (non-commercial uses only)
_cCopyright2015
300 _a4 p. [75-78]
362 _aN.063 (1992) - LES THEORIES DE LA COMMUNICATION
500 _aApproccio Alla Psicologia Sociale. tra Psicolinguistica e Sociolinguistica. Approccio Psicosociale Propriamente Detto.
650 _aCINEMA
_vPUBBLICAZIONE PERIODICA
700 _aMarchand Pascal
700 _gCodice Aut. SPICS: 39468
942 _cCR
999 _c192954
_d192954